000 00427nam a22001577a 4500
005 20250228115853.0
008 250228b |||||||| |||| 00| 0 eng d
020 _a9781484264577
040 _cPK-LaUMT
082 _a004.66
_bKUR-I
100 _aKurniawan, Agus
_94876
245 _aIoT projects with arduino nano 33 BLE sense /
_cby Agus Kurniawan
260 _aNew York :
_bApress,
_c2021
300 _a161 p.
942 _cBK
999 _c137016
_d137016